000 00625nam a2200229Ia 4500
003 OSt
005 20220924114245.0
006 a|||||r|||| 00| 0
007 ta
008 220923b |||||||| |||| 00| 0 urd d
024 _a316383
037 _cTextual
040 _aARTS
_cARTS
_burd
041 _2urd
_aurd
082 _aO168,2MZK,22, H8
100 _aZeba Krishna Chandra
_9172669
245 0 _aSatyawan Savitri
260 _aAmritsar
_bAzad Book Depot India
_c1948
650 _aURDU POETRY
942 _hO168,2MZK,22, H8
_cTEXL
_2CC
999 _c392723
_d392723